Central Library OPAC University of Rajshahi
Normal view MARC view

Entry Personal Name

Number of records used in: 2

001 - CONTROL NUMBER

  • control field: 9061

003 - CONTROL NUMBER IDENTIFIER

  • control field: BD-RjUL

005 - DATE AND TIME OF LATEST TRANSACTION

  • control field: 20230919135547.0

008 - FIXED-LENGTH DATA ELEMENTS

  • fixed length control field: 230919|| aca||aabn | a|a d

040 ## - CATALOGING SOURCE

  • Original cataloging agency: BD-RjUL
  • Transcribing agency: BD-RjUL

100 ## - HEADING--PERSONAL NAME

  • Personal name: Alam, Nadia

670 ## - SOURCE DATA FOUND

  • Source citation: Work cat.: (BD-RjUL)81946: Alam, Nadia, Biochemical and Antimicrobial Properties of Secondary Metabolites of Withania somnifera Dun., 2014